| 000 | 03629cam a22003854a 4500 | ||
|---|---|---|---|
| 001 | 16893368 | ||
| 005 | 20170326130941.0 | ||
| 008 | 110728t2012 nyua frbf 001 0 eng d | ||
| 010 | _a 2011025620 | ||
| 020 | _a9780071745529 | ||
| 020 | _a0071745521 | ||
| 035 | _a(OCoLC)ocn692290275 | ||
| 040 |
_aDLC _beng _cDLC _dYDX _dBTCTA _dYDXCP _dBWX _dUAF _dCDX _dIUL _dDLC _dEG-ScBUE |
||
| 082 | 0 | 4 |
_a621.0420151 _bHIC _222 |
| 100 | 1 |
_aHicks, Tyler Gregory, _d1921- _937390 |
|
| 245 | 1 | 0 |
_aHandbook of energy engineering calculations / _cTyler G. Hicks. |
| 246 | 3 | 0 | _aEnergy engineering calculations |
| 260 |
_aNew York : _bMcGraw-Hill, _cc.2012. |
||
| 300 |
_a1 v. (various pagings) : _bill. ; _c25 cm. |
||
| 500 | _aIncludes index. | ||
| 504 | _aIncludes bibliographical references. | ||
| 505 | 0 | _aEnergy conversion engineering -- Steam power generation -- Gas-turbine energy power generation -- Internal combustion engine energy analyses -- Nuclear energy engineering -- Hydroelectric energy power plants -- Wind-power energy design and applications -- Solar-power energy application and usage -- Geothermal energy engineering -- Ocean energy engineering -- Heat transfer and energy conservation -- Fluid transfer engineering -- Interior climate control energy economics -- Energy conservation and environmental pollution control. power generation Reciprocating-engine power generation Nuclear power generation Renewable energy sources for "green" power generation Sewage and wastewater treatment and re-use in energy options . | |
| 520 | _a"SOLVE ENERGY PROBLEMS QUICKLY AND ACCURATELYFilled with step-by-step procedures for performing hundreds of calculations, this practical guide helps you solve a variety of applied energy engineering design and operating problems. Handbook of Energy Engineering Calculations features worked-out examples and enables you to obtain accurately results with minimum time and effort. Calculation procedures emphasize greenhouse gas and carbon dioxide emissions control as well as energy conservation and reuse. This is an invaluable, time-saving resource for anyone involved in energy engineering.Comprehensive coverage includes: Energy conversion engineering Steam power generation Gas-turbine power generation Internal-combustion engine energy analysis Nuclear energy engineering Hydroelectric energy power plants Wind power energy design and application Solar power energy application and usage Geothermal energy engineering Ocean energy engineering Heat transfer and energy conservation Fluid transfer engineering Interior climate control energy economics Energy conservation and environmental pollution control "--Provided by publisher. | ||
| 520 | _a"This practical guide helps engineers solve energy problems quickly and accurately using step-by-step procedures for performing more than 500 calculations together with worked out examples and numerical results"--Provided by publisher. | ||
| 650 | 7 |
_aPower (Mechanics) _xMathematical models _vHandbooks, manuals, etc. _2BUEsh |
|
| 650 | 7 |
_aForce and energy _xMathematical models _vHandbooks, manuals, etc. _2BUEsh |
|
| 650 | 7 |
_aEngineering mathematics _xFormulae _vHandbooks, manuals, etc. _2BUEsh |
|
| 651 | _2BUEsh | ||
| 653 |
_bENGGEN _bENGELC _cMarch2017 |
||
| 655 |
_vReading book _934232 |
||
| 856 | 4 | 2 |
_3Contributor biographical information _uhttp://www.loc.gov/catdir/enhancements/fy1205/2011025620-b.html |
| 856 | 4 | 2 |
_3Publisher description _uhttp://www.loc.gov/catdir/enhancements/fy1205/2011025620-d.html |
| 856 | 4 | 1 |
_3Table of contents only _uhttp://www.loc.gov/catdir/enhancements/fy1205/2011025620-t.html |
| 942 | _2ddc | ||
| 999 |
_c24532 _d24504 |
||